Pleasing God / (Record no. 6257)
[ view plain ]
| 000 -LEADER | |
|---|---|
| fixed length control field | 01036cam a2200253 a 4500 |
| 001 - CONTROL NUMBER | |
| control field | 18155054 |
| 003 - CONTROL NUMBER IDENTIFIER | |
| control field | OCoLC |
| 005 - DATE AND TIME OF LATEST TRANSACTION | |
| control field | 20190116130815.0 |
| 008 - FIXED-LENGTH DATA ELEMENTS--GENERAL INFORMATION | |
| fixed length control field | 880218s1988 ilu 000 0 eng |
| 010 ## - LIBRARY OF CONGRESS CONTROL NUMBER | |
| LC control number | 88050173 |
| 020 ## - INTERNATIONAL STANDARD BOOK NUMBER | |
| International Standard Book Number | 0842349685 : |
| 020 ## - INTERNATIONAL STANDARD BOOK NUMBER | |
| International Standard Book Number | 9780842349680 |
| 035 ## - SYSTEM CONTROL NUMBER | |
| System control number | (OCoLC)18155054 |
| 040 ## - CATALOGING SOURCE | |
| Original cataloging agency | DLC |
| Transcribing agency | DLC |
| Modifying agency | BTCTA |
| -- | HNW |
| -- | OCLCG |
| -- | BSC |
| 082 ## - DEWEY DECIMAL CLASSIFICATION NUMBER | |
| Classification number | 248.4 |
| Item number | S771P |
| 092 ## - LOCALLY ASSIGNED DEWEY CALL NUMBER (OCLC) | |
| Classification number | 248.4 |
| Item number | S771p, 1988 |
| 100 1# - MAIN ENTRY--PERSONAL NAME | |
| Personal name | Sproul, R. C. |
| Fuller form of name | (Robert Charles), |
| Dates associated with a name | 1939- |
| 245 10 - TITLE STATEMENT | |
| Title | Pleasing God / |
| Statement of responsibility, etc. | R.C. Sproul. |
| 260 ## - PUBLICATION, DISTRIBUTION, ETC. | |
| Place of publication, distribution, etc. | Wheaton, Ill. : |
| Name of publisher, distributor, etc. | Tyndale House, |
| Date of publication, distribution, etc. | c1988. |
| 300 ## - PHYSICAL DESCRIPTION | |
| Extent | 234 p. ; |
| Dimensions | 22 cm. |
| 505 0# - FORMATTED CONTENTS NOTE | |
| Formatted contents note | Tender grace -- The goal of Christian living -- Beware the leaven of the Pharisees -- Battle with the world -- The battle with the flesh -- The devil -- Satan as accuser -- Fear and guilt paralysis -- Real forgiveness -- The carnal Christian -- The sin of pride -- The sin of slothfulness -- The sin of dishonesty -- Doctrine and life -- Never give up. |
| 650 #0 - SUBJECT ADDED ENTRY--TOPICAL TERM | |
| Topical term or geographic name entry element | Christian life |
| General subdivision | Reformed authors. |
| 942 ## - ADDED ENTRY ELEMENTS (KOHA) | |
| Source of classification or shelving scheme | Dewey Decimal Classification |
| Koha item type | Books |
| Withdrawn status | Lost status | Source of classification or shelving scheme | Damaged status | Not for loan | Collection code | Home library | Current library | Shelving location | Date acquired | Cost, normal purchase price | Total Checkouts | Full call number | Barcode | Date last seen | Price effective from | Koha item type |
|---|---|---|---|---|---|---|---|---|---|---|---|---|---|---|---|---|
| Dewey Decimal Classification | Non-fiction | Harvest Mission College | Harvest Mission College | General Stacks | 16.01.2019 | 1850.00 | 248.4 S771P | 007154 | 16.01.2019 | 16.01.2019 | Books |
